000 01035nam a22002537a 4500
005 20170124103047.0
010 _aB-105386
020 _c290.00
_a8188118273
035 _aB-105386
037 _bCen Lib/Ret
040 _aDPL
_bHN
082 _a
_bभैरप्पा
100 _aभैरप्पा, एस.एल
_969381
245 _aवंशवृक्ष /
_cएस.एल. भैरप्पा
246 _aVanshvriksh /
_bby S.L. Bhairappa
260 _a दिल्ली
_bआर्य प्रकाशन मंडल
_c2004
270 _aसरस्वती भंडार गांधीनगर
_b दिल्ली
_e110031
300 _a292पृ.
_c19सेमी (सजिल्द )
650 _aहिंदी साहित्य
_x
_z
_969382
650 _aहिंदी साहित्य
_v
_xउपन्यास
_969383
650 _aHindi literature
_969384
650 _aHindi literature
_xfiction
_969385
942 _2ddc
_cHN
_h
_mभैरप्पा
999 _c116983
_d116983